000 00309nam a22001337a 4500
008 210305b ||||| |||| 00| 0 eng d
041 _aeng
080 _a541
082 _2541
100 _a12
101 _aKIM
245 _aChemistry the central sciences Student's Guide
_cJames C, Hill
942 _2udc
_cBK
999 _c55780
_d55780